An introduction to Arab poetics = Una introducción a la poética árabe /
সংরক্ষণ করুন:
| প্রধান লেখক: | |
|---|---|
| বিন্যাস: | অজ্ঞাত |
| ভাষা: | English |
| প্রকাশিত: |
Austin :
University of Texas Press,
1990.
|
| বিষয়গুলি: | |
| ট্যাগগুলো: |
ট্যাগ যুক্ত করুন
কোনো ট্যাগ নেই, প্রথমজন হিসাবে ট্যাগ করুন!
|
MARC
| LEADER | 000000000a22000000004500 | ||
|---|---|---|---|
| 001 | 014966 | ||
| 020 | |a 0292738595 | ||
| 041 | 0 | |a eng | |
| 082 | 0 | 4 | |a 892.710.09 |b A239i |
| 100 | 0 | |a Adonis, |d 1930- | |
| 245 | 1 | 3 | |a An introduction to Arab poetics = |b Una introducción a la poética árabe / |c Adonis. |
| 246 | 3 | 1 | |a Una introducción a la poética árabe |
| 260 | 1 | |a Austin : |b University of Texas Press, |c 1990. | |
| 300 | |a 108 páginas ; |c 23 cm. | ||
| 650 | 4 | |a POESIA ARABE | |
| 650 | 4 | |a FILOSOFIA | |
| 650 | 4 | |a VERSIFICACION | |
| 650 | 4 | |a LENGUA ARABE | |
| 650 | 4 | |a POETICA | |
| 650 | 4 | |a HISTORIA Y CRITICA | |
| 500 | |a Colección George Yúdice | ||
| 999 | |c 20830 |d 20830 | ||
| 942 | |c BK |h 892.710.09 A239i |2 z | ||



